<?xml version="1.0" encoding="UTF-8"?>
<record
    xmlns:xsi="http://www.w3.org/2001/XMLSchema-instance"
    xsi:schemaLocation="http://www.loc.gov/MARC21/slim http://www.loc.gov/standards/marcxml/schema/MARC21slim.xsd"
    xmlns="http://www.loc.gov/MARC21/slim">

  <leader>00773nam a2200181 a 4500</leader>
  <controlfield tag="001">BRCA_876</controlfield>
  <controlfield tag="005">20190320203204.0</controlfield>
  <controlfield tag="008">290805s1984-------a---###---#000-0#spa-d</controlfield>
  <datafield tag="020" ind1=" " ind2=" ">
    <subfield code="a">8439817711</subfield>
  </datafield>
  <datafield tag="050" ind1=" " ind2="4">
    <subfield code="a">NK7112.5</subfield>
    <subfield code="b">.P53 1984</subfield>
  </datafield>
  <datafield tag="245" ind1="1" ind2="0">
    <subfield code="a">Plater&#xED;a hispanoamericana</subfield>
    <subfield code="b">siglos XVI-XIX.</subfield>
  </datafield>
  <datafield tag="260" ind1=" " ind2=" ">
    <subfield code="a">Badajoz</subfield>
    <subfield code="b">[s.n.]</subfield>
    <subfield code="c">1984</subfield>
  </datafield>
  <datafield tag="300" ind1=" " ind2=" ">
    <subfield code="a">108 p.</subfield>
    <subfield code="b">il.</subfield>
    <subfield code="c">28 cm.</subfield>
  </datafield>
  <datafield tag="500" ind1=" " ind2=" ">
    <subfield code="a">Cat&#xE1;logo de la exposici&#xF3;n diocesana badajocense Preparatoria a los actos conmemorativos del V Centenario del Descubrimiento de Am&#xE9;rica realizada en la Sala Capitular de la S.I. Catedral de Badajoz, 8-15 junio, 1984</subfield>
  </datafield>
  <datafield tag="650" ind1="1" ind2="4">
    <subfield code="a">Plater&#xED;a</subfield>
    <subfield code="v">Exposiciones</subfield>
    <subfield code="y">Siglos XVIII y XIX</subfield>
    <subfield code="z">Am&#xE9;rica Latina</subfield>
    <subfield code="9">2922</subfield>
  </datafield>
  <datafield tag="650" ind1="1" ind2="4">
    <subfield code="a">Plater&#xED;a</subfield>
    <subfield code="v">Exposiciones</subfield>
    <subfield code="y">Siglos XVI y XVII</subfield>
    <subfield code="z">Am&#xE9;rica Latina</subfield>
    <subfield code="9">2923</subfield>
  </datafield>
  <datafield tag="942" ind1=" " ind2=" ">
    <subfield code="2">lcc</subfield>
    <subfield code="c">B</subfield>
  </datafield>
  <datafield tag="999" ind1=" " ind2=" ">
    <subfield code="c">771</subfield>
    <subfield code="d">771</subfield>
  </datafield>
  <datafield tag="952" ind1=" " ind2=" ">
    <subfield code="0">0</subfield>
    <subfield code="1">0</subfield>
    <subfield code="4">0</subfield>
    <subfield code="7">0</subfield>
    <subfield code="a">BRCA</subfield>
    <subfield code="b">BRCA</subfield>
    <subfield code="d">2008-06-26</subfield>
    <subfield code="l">0</subfield>
    <subfield code="o">NK7112.5 .P53 1984</subfield>
    <subfield code="p">01350</subfield>
    <subfield code="r">2019-03-22 00:00:00</subfield>
    <subfield code="w">2019-03-22</subfield>
    <subfield code="y">B</subfield>
  </datafield>
</record>
